[Event "Sao Paulo Salles Cup 7th"]
[Site "Sao Paulo"]
[Date "2016.03.19"]
[Round "4"]
[White "Pessoa Sob, Caetano Estelita C"]
[Black "Sato, Claudio Takeshi"]
[Result "0-1"]
[WhiteElo "1800"]
[BlackElo "1427"]
[PlyCount "62"]
[EventDate "2016.03.18"]
[EventType "swiss"]
[EventRounds "6"]
[EventCountry "BRA"]
[SourceTitle "CBM 171 Extra"]
[Source "ChessBase"]
[SourceDate "2016.04.26"]
[SourceVersion "1"]
[SourceVersionDate "2016.04.26"]
[SourceQuality "1"]

1. d4 e6 2. Nf3 d5 3. c4 c5 4. e3 Nf6 5. dxc5 Bxc5 6. Nc3 0-0 7. Be2 dxc4 8. Qxd8 Rxd8 9. Bxc4 Nc6 10. 0-0 a6 11. a3 b5 12. b4 Be7 13. Bb3 Bb7 14. Bc2 Rd7 15. Rd1 Rad8 16. Bb2 Bd6 17. h3 Ne7 18. e4 Ng6 19. g3 Bc7 20. Rxd7 Rxd7 21. Rd1 Rxd1+ 22. Bxd1 Nxe4 23. Nxe4 Bxe4 24. h4 Bb6 25. Bd4 Bxf3 26. Bxf3 Bxd4 27. Bb7 Bb2 28. Bxa6 Bxa3 29. Bxb5 Bxb4 30. f4 Ne7 31. g4 Bd6 0-1

[Event "Sao Paulo Salles Cup 7th"]
[Site "Sao Paulo"]
[Date "2016.03.18"]
[Round "1"]
[White "Mangini, Bruno Fernandes"]
[Black "Pessoa Sob, Caetano Estelita C"]
[Result "1-0"]
[WhiteElo "1735"]
[BlackElo "1800"]
[PlyCount "63"]
[EventDate "2016.03.18"]
[EventType "swiss"]
[EventRounds "6"]
[EventCountry "BRA"]
[SourceTitle "CBM 171 Extra"]
[Source "ChessBase"]
[SourceDate "2016.04.26"]
[SourceVersion "1"]
[SourceVersionDate "2016.04.26"]
[SourceQuality "1"]

1. d4 Nf6 2. c4 e6 3. Nf3 c5 4. d5 d6 5. Nc3 Be7 6. e4 e5 7. Be2 0-0 8. 0-0 Bd7 9. Ne1 h6 10. f4 exf4 11. Bxf4 a6 12. a4 Re8 13. Qd2 Bf8 14. Bf3 Bg4 15. Qe2 Bxf3 16. Qxf3 Nbd7 17. Nd3 Qe7 18. Rae1 Ne5 19. Nxe5 dxe5 20. Bxh6 gxh6 21. Qxf6 Bg7 22. Qxe7 Rxe7 23. Rf5 Rd7 24. Nd1 Rd6 25. Ref1 Rf8 26. Nf2 Rf6 27. Nd3 Rxf5 28. Rxf5 Re8 29. b3 f6 30. Nxc5 b6 31. Nd7 Re6 32. dxe6 1-0

[Event "Sao Paulo Salles Cup 7th"]
[Site "Sao Paulo"]
[Date "2016.03.18"]
[Round "2"]
[White "Pessoa Sob, Caetano Estelita C"]
[Black "Ferreira, Caio Tulio Moreira"]
[Result "0-1"]
[WhiteElo "1800"]
[BlackElo "1422"]
[PlyCount "58"]
[EventDate "2016.03.18"]
[EventType "swiss"]
[EventRounds "6"]
[EventCountry "BRA"]
[SourceTitle "CBM 171 Extra"]
[Source "ChessBase"]
[SourceDate "2016.04.26"]
[SourceVersion "1"]
[SourceVersionDate "2016.04.26"]
[SourceQuality "1"]

1. d4 Nf6 2. c4 c5 3. d5 b5 4. cxb5 a6 5. bxa6 Bxa6 6. Nc3 g6 7. g3 Bg7 8. Bg2 d6 9. Nf3 0-0 10. 0-0 Nbd7 11. Bf4 Qa5 12. Qd2 Rfb8 13. Rfb1 Nb6 14. Bf1 Nfxd5 15. Nxd5 Qxd2 16. Nxe7+ Kf8 17. Bxd2 Kxe7 18. Bc3 Bh6 19. e4 Bxf1 20. Kxf1 Na4 21. e5 Nxc3 22. exd6+ Kxd6 23. bxc3 Rxb1+ 24. Rxb1 Rxa2 25. Rd1+ Ke6 26. Kg2 Rc2 27. Rd3 Ke7 28. g4 c4 29. Nd4 cxd3 0-1